000 01321nam2a22002771 4500
001 v19\rc\1468271
005 20250618145607.0
035 _a(NLR Aleph) 004604306
090 _a2827732
_c2827732
100 _a20060620d1908 |||y0rusy50 ca
101 0 _arus
102 _aRU
105 _ay z |||||
200 1 _aПо Страховому отделению
_eК очередному... сессии 1907 года
210 _d1908
_aБ. м.
215 _aIV, 104 с.
461 0 _1001v19\rc\1468224
_12001#$aДоклады Костромской губернской земской управы Губернскому земскому собранию [по отдельным вопросам] ...$vПо Страховому
_92827124
_aКостромская губернская земская управа
_cКострома
_dценз. 1876-1917
_tДоклады Костромской губернской земской управы Губернскому земскому собранию [по отдельным вопросам] ...
_vПо Страховому
801 0 _aRU
_bNLR
_gpsbo
801 0 _aRU
_bRuMoRGB
_2psbo
801 1 _aRU
_bProSoft-M
_2rusmarc
852 _aNLR
_bЗем
_j17/Д2
899 _aRuMoRGB
_jF 166/1
899 _aRuMoRGB
_jU 47/215
899 _aБАН
942 _cBOOK
980 _aNB